Computer programming in Pascal (Record no. 162012)

MARC details
000 -LEADER
fixed length control field 00347nam a2200145Ia 4500
008 - FIXED-LENGTH DATA ELEMENTS--GENERAL INFORMATION
fixed length control field 231217s9999 xx 000 0 und d
041 ## - LANGUAGE CODE
Language code of text/sound track or separate title English
082 ## - DEWEY DECIMAL CLASSIFICATION NUMBER
Classification number 001.6424PAS RAJ
100 ## - MAIN ENTRY--PERSONAL NAME
Personal name Rajaraman, V
245 #0 - TITLE STATEMENT
Title Computer programming in Pascal
260 ## - PUBLICATION, DISTRIBUTION, ETC.
Date of publication, distribution, etc. 1991
Name of publisher, distributor, etc. New Delhi : PHI,
300 ## - PHYSICAL DESCRIPTION
Extent ix+219
650 ## - SUBJECT ADDED ENTRY--TOPICAL TERM
Topical term or geographic name entry element Pascal
942 ## - ADDED ENTRY ELEMENTS (KOHA)
Koha item type Books
Holdings
Date last seen Total checkouts Full call number Accession number Cost, total (INR) price Price effective from Category Lost status Damaged status Department Withdrawn status Home library Current library Entry date Vendor Cost, normal purchase price Grants Billnumber Billdate Currency symbol Conversion rate Discount Old discount Public note Shelving location
26/01/2024   001.6424PAS RAJ 3823 55.25 26/01/2024 Books     Central Library   Central Library Central Library 14/08/1991 Subhas Publ. 65.00 CS 423 16/12/1992 RS 1 9.75 15    
26/01/2024   001.6424PAS RAJ;5 3824 55.25 26/01/2024 Books     Central Library   Central Library Central Library 14/08/1991 Subhas Publ. 65.00 CS 423 16/12/1992 RS 1 9.75 15    
26/01/2024   001.6424PAS RAJ;7 3825 55.25 26/01/2024 Books     Library Annex   Central Library Central Library 14/08/1991   65.00 CS 423 16/12/1992 RS 1 9.75 15 Weeded Out 2016 Library Annex
26/01/2024   001.6424PAS RAJ;1 R 3826 55.25 26/01/2024 Books     Central Library   Central Library Central Library 14/08/1991   65.00 CS 423 16/12/1992 RS 1 9.75 15 Weeded Out 2016 Central Library
26/01/2024   001.6424PAS RAJ 3827 55.25 26/01/2024 Books     Library Annex   Central Library Central Library 14/08/1991   65.00 CS 423 16/12/1992 RS 1 9.75 15 Weeded Out 2016 Library Annex
26/01/2024   001.6424PAS RAJ 3828 55.25 26/01/2024 Books     Central Library   Central Library Central Library 14/08/1991 Subhas Publ. 65.00 CS 423 16/12/1992 RS 1 9.75 15 Replaced  

© For any Suggestions or Query, please contact the library staff @ librarian@pes.edu or Phone: +9180 2672 1983/ 2108.